000 00602nam a22002297a 4500
003 UA-OsUOA
001 51892
007 ta
008 20080123b un ||||| |||| 00| 0 ukr d
100 _aГригурко І.
090 _a821.161.2
_bГ83
942 _cBK
040 _aUA-OsUOA
_bukr
_cUA-OsUOA
_dUA-OsUOA
245 _aВатерлінія
300 _a335 с.
955 _a3
041 _aukr
080 _a821.161.2
260 _aК.
_bРадянський письменник
_c1982
650 7 _a82 Література. Літературознавство
_2UDC
999 _c338004
_d338004